Green produce (Record no. 84817)
[ view plain ]
| 000 -LEADER | |
|---|---|
| fixed length control field | 00716cam a22002295a 4500 |
| 001 - CONTROL NUMBER | |
| control field | L159167 |
| 008 - FIXED-LENGTH DATA ELEMENTS--GENERAL INFORMATION | |
| fixed length control field | 160223s2016 xxk f 000 0 eng d |
| 035 ## - SYSTEM CONTROL NUMBER | |
| System control number | (Sirsi) u159167 |
| 041 ## - LANGUAGE CODE | |
| Language code of text/sound track or separate title | eng |
| 050 ## - LIBRARY OF CONGRESS CALL NUMBER | |
| Classification number | 696.9 |
| 100 ## - MAIN ENTRY--PERSONAL NAME | |
| Personal name | Kemp, D |
| 245 ## - TITLE STATEMENT | |
| Title | Green produce |
| 260 ## - PUBLICATION, DISTRIBUTION, ETC. | |
| Date of publication, distribution, etc. | 2016 |
| 490 #0 - SERIES STATEMENT | |
| Series statement | Construction News |
| Volume/sequential designation | 7433, 19 February 2016, 18-19(1) |
| 520 ## - SUMMARY, ETC. | |
| Summary, etc. | Reports on the focus on the link between green retail buildings and occupants' health and productivity and its implications for construction. |
| 650 ## - SUBJECT ADDED ENTRY--TOPICAL TERM | |
| Topical term or geographic name entry element | UK GREEN BUILDING COUNCIL |
| 650 ## - SUBJECT ADDED ENTRY--TOPICAL TERM | |
| Topical term or geographic name entry element | GREEN BUILDINGS |
| 650 ## - SUBJECT ADDED ENTRY--TOPICAL TERM | |
| Topical term or geographic name entry element | OCCUPATIONAL HEALTH AND SAFETY |
| 650 ## - SUBJECT ADDED ENTRY--TOPICAL TERM | |
| Topical term or geographic name entry element | RETURN ON INVESTMENT |
| 690 ## - LOCAL SUBJECT ADDED ENTRY--TOPICAL TERM (OCLC, RLIN) | |
| Topical term or geographic name as entry element | Sustainability |
| 9 (RLIN) | 6271 |
| 942 ## - ADDED ENTRY ELEMENTS (KOHA) | |
| Suppress in OPAC | 0 |
| Withdrawn status | Lost status | Source of classification or shelving scheme | Damaged status | Not for loan | Home library | Current library | Shelving location | Date acquired | Total Checkouts | Full call number | Barcode | Date last seen | Copy number | Price effective from | Koha item type |
|---|---|---|---|---|---|---|---|---|---|---|---|---|---|---|---|
| Dewey Decimal Classification | London | London | Journal article | 23/02/2016 | L159167 | 159167-1001 | 06/08/2019 | 1 | 06/08/2019 | Journal article |